| 000 | 00637nam a2200193 i 4500 | ||
|---|---|---|---|
| 001 | 165646 | ||
| 003 | ES-MaACL | ||
| 005 | 20250728110717.0 | ||
| 008 | 050906s1878 fr | |||||||| ||fre d | ||
| 040 |
_aCAM _bspa _cCAM |
||
| 100 | 1 |
_aSoury, Jules. _9132857 |
|
| 245 | 1 | 0 |
_aJésus et les Evangiles / _cpar Jules Soury. |
| 260 |
_aParis : _bG. Charpentier éditeur, _c1878 ( _eSaint-Denis : _fImprimerie Ch. Lambert) |
||
| 300 |
_a190 p. ; _c18 cm. |
||
| 600 | 1 | 4 |
_aJesucristo. _966361 |
| 650 | 7 |
_aReligión _2embne _916797 |
|
| 852 |
_aES-MaACL _jD-3226 _z-- Enc. hol. _z-- Legado M. de la Fuente |
||
| 999 |
_c165646 _d165646 |
||